Réhabiliter les oubliés de l’Histoire : le combat littéraire de José Saramago (notice n° 1605511)

détails MARC
000 -LEADER
fixed length control field 01953cam a2200181 4500500
005 - DATE AND TIME OF LATEST TRANSACTION
control field 20251228095055.0
041 ## - LANGUAGE CODE
Language code of text/sound track or separate title fre
042 ## - AUTHENTICATION CODE
Authentication code dc
100 10 - MAIN ENTRY--PERSONAL NAME
Personal name Levécot, Agnès
Relator term author
245 00 - TITLE STATEMENT
Title Réhabiliter les oubliés de l’Histoire : le combat littéraire de José Saramago
260 ## - PUBLICATION, DISTRIBUTION, ETC.
Date of publication, distribution, etc. 2019.<br/>
500 ## - GENERAL NOTE
General note 75
520 ## - SUMMARY, ETC.
Summary, etc. Dans plusieurs de ses fictions historiographiques, et en particulier dans Memorial do Convento, José Saramago conteste l’Histoire officielle qui oublie ceux qu’il considère comme les véritables héros de l’histoire : les « petites gens » qui ont vécu, se sont battus, ont souffert et souvent sont morts pour le compte des grands. Il les transforme en sujets de l’histoire et les rappelle à la mémoire collective en dévoilant l’anonymat qui leur est habituellement réservé dans les récits institutionnalisés.
520 ## - SUMMARY, ETC.
Summary, etc. In several of his historiographical fictions, especially in Memorial do Convento, José Saramago contests official History for leaving out all those he considers as history’s real heroes – the modest people who lived, fought and often died for the mighty. He turns them into proper subjects of history and recalls them to collective memory, pointing to the anonymity which is usually their lot in institutionalised narratives.
520 ## - SUMMARY, ETC.
Summary, etc. Em muitas das suas ficções historiográficas, e nomeadamente em Memorial do Convento, José Saramago contesta a História oficial que tende a esquecer os que, para ele, são os verdadeiros heróis da história : a arraia-miúda que viveu, que se bateu, sofreu e morreu em prol dos grandes. Saramago transforma-a em sujeito da história e devolve-a à memória coletiva, contrariando o anonimato a que as narrativas institucionalizadas geralmente a votou.
786 0# - DATA SOURCE ENTRY
Note Sigila | 43 | 1 | 2019-04-30 | p. 75-85 | 1286-1715
856 41 - ELECTRONIC LOCATION AND ACCESS
Uniform Resource Identifier <a href="https://shs.cairn.info/revue-sigila-2019-1-page-75?lang=fr&redirect-ssocas=7080">https://shs.cairn.info/revue-sigila-2019-1-page-75?lang=fr&redirect-ssocas=7080</a>

Pas d'exemplaire disponible.

PLUDOC

PLUDOC est la plateforme unique et centralisée de gestion des bibliothèques physiques et numériques de Guinée administré par le CEDUST. Elle est la plus grande base de données de ressources documentaires pour les Étudiants, Enseignants chercheurs et Chercheurs de Guinée.

Adresse

627 919 101/664 919 101

25 boulevard du commerce
Kaloum, Conakry, Guinée

Réseaux sociaux

Powered by Netsen Group @ 2025